00720nam a2200217 a 450000100060000000300090000600800410001502000140005604000280007008200160009810000400011424501060015425000060026026000800026630000100034649000350035665000170039165000280040865000430043665000230047910329CO-ViMGA141112s2004 ck r 000 u spa d a958900444 aCO-ViMGAbspacCO-ViMGA04a325.86 R15f1 aRamirez de Jara ; Maria Clemencia, 10aFrontera Fluida entre Andes, Piedemonte y Selva : bEl caso del Valle de Sibundoy, Siglos XVI - XVIII a1 aSantafé de Bogotá : bInstituto Colombiano de Cultura Hispanica, c1996 a221p. aCuadernos de Historia Colonial14aCOLONIZACION14aETNOHISTORIA - SIBUNDOY14aSIBUNDOY - VALLE - PUTUMAYO - COLOMBIA14aSIGLOS XVI - XVIII